Zákaz konkurence ve světle soukromého a veřejného práva

Bibliographic Details
Main Author: Kocina, Jan, 1960- (Author)
Format: Book
Language:Czech
PhysicalDescription:XIII, 122 s. lit., reg. 21 cm
Published: Praha C. H. Beck 2010
ISBN:9788074001673
Edition:1. vyd.
Series:Beckova edice právní instituty
Subjects:

MARC

LEADER 00000cam a2200000 a 4500
001 vtls010069944
003 SK-MaSNL
005 20260426000940.0
008 240314s2010 xr n 001 0 cze
015 |a SNBZSA2010-00679 
020 |a 9788074001673  |q (brož.) 
035 |a DBB15454-C483-4B38-B775-F4A575480553 
035 |a urn:nbn:sk:snk-aml424 
035 |a urn:nbn:sk:snk-am008ks8 
040 |a SNK  |b slo  |c SNK  |e AACR2 
041 0 |a cze 
043 |a e-xr---  |a e-xo---  |a e-gx--- 
044 |a xr  |c CZ 
072 7 |a 34  |x Právo  |2 konspekt 
080 |a 347.132.14:339.137  |2 2001 
080 |a 347  |2 2001 
080 |a 343  |2 2001 
080 |a 342  |2 2001 
080 |a (437.3)  |2 2001 
080 |a (430)  |2 2001 
080 |a (437.6)  |2 2001 
080 |a (048.8)  |2 2001 
100 1 |a Kocina, Jan,  |d 1960-  |4 aut  |9 567337 
245 1 0 |a Zákaz konkurence ve světle soukromého a veřejného práva  |c Jan Kocina 
250 |a 1. vyd. 
260 |a Praha  |b C. H. Beck  |c 2010 
300 |a XIII, 122 s.  |b lit., reg.  |c 21 cm 
490 1 |a Beckova edice právní instituty 
504 |a Bibliogr. Bibliogr. odkazy. Reg. 
650 0 7 |a zákaz konkurencie  |2 SVKBBPH  |9 567338 
650 0 7 |a súkromné právo  |2 SNKPH  |9 2244 
650 0 7 |a trestné právo  |2 SNKPH  |9 984 
650 0 7 |a verejné právo  |2 SNKPH  |9 985 
650 0 7 |a Ban on competition  |2 SVKBBPHeng  |9 567339 
650 0 7 |a Privat law  |2 SNKPHeng  |9 336131 
650 0 7 |a Criminal law  |2 SVKBBPHeng  |9 266961 
650 0 7 |a Public law  |2 SNKPHeng  |9 319053 
651 7 |a Slovensko  |2 SNKPH  |9 14231 
651 7 |a Česko  |2 SNKPH  |9 16753 
651 7 |a Nemecko  |2 SNKPH  |9 21020 
651 7 |a Slovakia  |2 SNKPHeng  |9 92630 
651 7 |a Czechia  |2 SNKPHeng  |9 170107 
651 7 |a Germany  |2 SNKPHeng  |9 268047 
655 7 |a monografie  |2 SNKPH  |9 70139 
655 7 |a Monographs  |2 SNKPHeng  |9 120675 
830 0 |a Beckova edice právní instituty  |9 357702 
852 |a Štátna vedecká knižnica v Banskej Bystrici 
919 |a 978-80-7400-167-3 
958 |a ZS 
958 |a CZ 
958 |a DE 
958 |a NB 
958 |a OND 
999 |c 870049  |d 871979 
952 |a SNK  |b SNK  |y PREZ  |7 0  |p 17A0667439  |o snkSC 141675  |i snk2010/17015  |8 4  |g 12.57  |0 0  |1 0  |4 0  |d 2010-07-09  |l 0  |r 2025-07-09 00:00:00  |w 2026-02-24 
952 |a SNK  |b SNK  |y VYP  |7 0  |p 17A0717810  |o snkSC 141675 D1  |i snk2011/19134  |8 4  |g 16.10  |0 0  |1 0  |4 0  |d 2011-07-28  |f 1  |l 0  |r 2026-02-24 05:39:34  |w 2026-02-24